000 00424nam a2200181Ia 4500
005 20250603145532.0
008 250603s9999 xx 000 0 und d
020 _a9780205075911
050 _aJF 60 .P44/
100 _aPayne, Richard J.
245 0 _aPolitics and culture in the developing world
260 _aBoston
260 _bLongman
260 _c2012
300 _a297 p
650 _aBoston
942 _cBK
999 _c42145
_d42145